| 000 | 00811nam a2200217Ia 4500 | ||
|---|---|---|---|
| 001 | 4387 | ||
| 003 | GE_BSU | ||
| 008 | 181216s||||||||xx |||||||||||||| ||und|| | ||
| 040 | _cGE_BSU | ||
| 080 | _a665.6.71+665.65 | ||
| 245 | _aНовейшие достижения нефтехимии и нефтепереработки=Advances in petroleum chemistry and refining. Том. II. | ||
| 245 | _cПод ред. К.А.Кобе и Дж. Дж. Мак-Кета, перев. с англ. И.И.Абрамсона. | ||
| 260 | _aМ. | ||
| 260 | _bГостоптехиздат. | ||
| 260 | _c1961. | ||
| 300 | _a274 стр. 25 см. | ||
| 300 | _eтабл. | ||
| 653 | _aНовейшие достижения нефтехимии и нефтепереработки. | ||
| 653 | _aქიმია | ||
| 942 | _cBK | ||
| 999 |
_c38377 _d38377 |
||